• 首页
  • 本馆介绍
  • 公告通知
  • 最新文献
  • 馆藏检索
  • 电子资源
  • 读者导购
  • 参考咨询
  • 我的图书馆
  • 登录
  • 详细信息显示
  • 放入我的书架
  • 预约/预借图书
  • 作者相关作品
  • 分类相关作品
  • 丛书相关作品
  • 出版社相关作品

书目信息

  • 表格格式
  • 工作单格式
  • 卡片格式
题名:
大规模集成电路技术
    
 
作者: ;陈金阁 , 田友臣 译 ;日本大规模集成电路技术编辑委员会 主编 ;陈金阁 , 田友臣 译
分册:  
出版信息: 北京   科学出版社  1985
页数: 361页
开本: 19cm
丛书名:
单 册:
中图分类: TN47
科图分类:
主题词: 大规模集成电路-电子技术 , 电子技术-大规模集成电路
电子资源:
ISBN:
000 00977nam0 2200301 45
001 0185020637
005 20040519155138.5
010    @dCNY2.75
091    @a15031.652
100    @a19900918d1985 emky0chiy0121 ea
101 1  @achi@cjpn
102    @aCN@b110000
105    @aa z 000yy
106    @ar
200 10 @a大规模集成电路技术@Ada gui mo ji cheng dian lu ji shu@f日本大规模集成电路技术编辑委员会主编@g陈金阁, 田友臣译
210    @a北京@c科学出版社@d1985
215    @a361页@d19cm
606    @a大规模集成电路-电子技术
606    @a电子技术-大规模集成电路
690    @aTN47@v3 
702  0 @a陈金阁@Achen jin ge@4译
702  0 @a田友臣@Atian you chen@4译
711 02 @a日本大规模集成电路技术编辑委员会@Ari ben da gui mo ji cheng dian lu ji shu bian ji wei yuan hui@4主编
712 02 @a陈金阁@Achen jin ge@4译
712 02 @a田友臣@Atian you chen@4译
801  0 @aCN@b深圳图书馆@c20040519
801  2 @aCN@bNLC@c20040519
905    @f2@b139117-118@dTN47@e43
    
    大规模集成电路技术/日本大规模集成电路技术编辑委员会主编/陈金阁, 田友臣译.-北京:科学出版社,1985
    361页;19cm
    
    
    ISBN :CNY2.75
    
●
相关链接 在E读中查询图书 在五车中查询图书 在当当中查询图书 在豆瓣中查询图书


正题名:大规模集成电路技术     索取号:TN47/43         预约/预借

序号 登录号 条形码 馆藏地/架位号 状态 备注
1 0139117   001353582   密集书库/ [索取号:TN47/43] 在馆    
2 0139118   001353154   第三借阅区/ [索取号:TN47/43] 在馆    
3 0139119   001353190   第二样本阅览室/ [索取号:TN47/43] 在馆    
唐山师范学院图书馆 欢迎您!
大连网信软件有限公司© 版权所有